00492nam a2200205Ia 450000500170000000800460001702000180006303700100008104000080009104000080009904000080010704100080011504100080012308400080013124500370013926000220017626000090019865000300020785600490023720260306150128.0008 260114s9999 xx 000 0 eng d a9783110226447 aEbook aCRL beng cCRL 2eng aeng qCRL 0aHistorical Cognitive Linguistics bDe Gruyter Mouton c2011 aLinguistics and Semiotics uhttps://www.degruyter.com/isbn/9783110226447